000 00541nam a2200193Ia 4500
005 20230524134612.0
008 131103s9999 xx 000 0 und d
040 _aLoreto College
041 _aEnglish
082 _aTAG 891.441
_bTAG-CHA
100 _aChakraborty, Ajitkumar
245 _aKabya parikrama
_cAjitkumar Chakraborty
260 _aCalcutta
_bSriGuru
_c[19-]
300 _a179p
650 _aTagore, Rabindranath, 1861-1941 - Criticism and Interpretation
651 _aBengali Literature
850 _aLCLIB
942 _cBK
999 _c17057
_d67536